| 000 | 00719cab a2200241 4500 | ||
|---|---|---|---|
| 001 | ABS52884 | ||
| 008 | 090401t1995 xxu||||| |||| 00| 0 eng d | ||
| 035 | _a(Sirsi) u657 | ||
| 041 | _aeng | ||
| 100 | _aNicholson, G. | ||
| 245 | _aCourts build the foundation for more affordable homes | ||
| 260 | _c1995 | ||
| 350 | _a0 | ||
| 490 |
_aPlanning (for the Natural and Built Environment) _v(1117) 5 May 1995, 26(1) |
||
| 520 | _aExamines the legal basis for securing affordable housing through the planning system. | ||
| 650 | _aPLANNING POLICY | ||
| 650 | _aPLANNING POLICY GUIDANCE NOTE 13 | ||
| 650 | _aPPG3 | ||
| 690 | _aHOUSING | ||
| 690 | _aPLANNING LAW AND PRACTICE | ||
| 942 | _n0 | ||
| 948 | _c04/03/1997 | ||
| 999 |
_c331 _d331 |
||